| 000 | 01424 a2200205 4500 | ||
|---|---|---|---|
| 020 | _a0072893028 (hardcover) | ||
| 020 | _a9780072893021 (hardcover) | ||
| 082 | 0 | 4 | _a519.5 |
| 090 |
_c6272 _d6272 |
||
| 100 | 1 | _aAczel, Amir D. | |
| 245 | 1 | 0 |
_aComplete business statistics / _cAmir D. Aczel. |
| 250 | _a4th ed. | ||
| 260 |
_a[S.l.] : _bRichard D Irwin, _c1998. |
||
| 300 |
_a917 p. ; _c27 cm. |
||
| 490 | 1 | _aThe irwin/mcgraw-hill series in operations and decision sciences. | |
| 520 | _aThis fifth edition aims to provide students with a solid understanding of statistical concepts. It also exposes students to the more contemporary uses of technology in business statistics. This book features: Excel output in text examples, to give students a foundation for learning and applying statistics with commercial software tools; a visual statistics software bundle that teaches statistics using multimedia enhanced visuals to help students understand business statistics concepts; and exercises, examples, problems and cases which offer students examples drawn from real business situations. The main aim of this book is to offer students a realistic understanding of statistics and how they are applied in business. | ||
| 830 | 4 | _aThe irwin/mcgraw-hill series in operations and decision sciences. | |
| 856 | 4 | 0 |
_3Amazon.com _uhttp://www.amazon.com/exec/obidos/ASIN/0072893028/chopaconline-20 |
| 942 |
_aNBS _cBK _k519.5 ACZ |
||
| 999 |
_c348641 _d348641 |
||